[Event "Tournoi International du Pays de Charleroi 2018"]
[Site "Roux, Belgium"]
[Date "2018.07.30"]
[Round "4.8"]
[White "Kulkarni, Rakesh"]
[Black "Huynh, Laurent"]
[Result "0-1"]
[WhiteTitle "IM"]
[WhiteElo "2363"]
[BlackElo "2071"]

1. e4 {[%clk 01:17:45]} {[%emt 00:13:07]} e5 {[%clk 01:30:27]} {[%emt
00:00:40]} 2. Nf3 {[%clk 01:18:10]} {[%emt 00:00:06]} Nc6 {[%clk 01:30:45]}
{[%emt 00:00:11]} 3. d4 {[%clk 01:18:37]} {[%emt 00:00:04]} exd4 {[%clk
01:30:53]} {[%emt 00:00:22]} 4. Nxd4 {[%clk 01:19:03]} {[%emt 00:00:04]} Bc5
{[%clk 01:31:07]} {[%emt 00:00:16]} 5. Nb3 {[%clk 01:19:25]} {[%emt 00:00:08]}
Bb6 {[%clk 01:31:08]} {[%emt 00:00:28]} 6. Nc3 {[%clk 01:19:50]} {[%emt
00:00:06]} Qf6 {[%clk 01:31:18]} {[%emt 00:00:19]} 7. Qe2 {[%clk 01:19:49]}
{[%emt 00:00:31]} Nge7 {[%clk 01:31:16]} {[%emt 00:00:32]} 8. Bd2 {[%clk
01:19:13]} {[%emt 00:01:07]} d6 {[%clk 01:30:40]} {[%emt 00:01:06]} 9. f4
{[%clk 01:18:28]} {[%emt 00:01:15]} h5 {[%clk 01:26:00]} {[%emt 00:05:10]} 10.
Be3 {[%clk 01:17:38]} {[%emt 00:01:20]} Bg4 {[%clk 01:20:39]} {[%emt 00:05:50]}
11. Qf2 {[%clk 01:17:29]} {[%emt 00:00:39]} O-O-O {[%clk 01:20:36]} {[%emt
00:00:33]} 12. h3 {[%clk 01:15:27]} {[%emt 00:02:31]} Bd7 {[%clk 01:19:41]}
{[%emt 00:01:26]} 13. g3 {[%clk 01:10:23]} {[%emt 00:05:34]} Rhe8 {[%clk
01:18:48]} {[%emt 00:01:23]} 14. Be2 {[%clk 01:06:52]} {[%emt 00:04:01]} Qg6
{[%clk 01:09:07]} {[%emt 00:10:11]} 15. Bxb6 {[%clk 00:59:46]} {[%emt
00:07:37]} axb6 {[%clk 01:08:57]} {[%emt 00:00:40]} 16. O-O-O {[%clk 00:59:44]}
{[%emt 00:00:31]} f5 {[%clk 01:09:02]} {[%emt 00:00:26]} 17. Bf3 {[%clk
00:59:33]} {[%emt 00:00:41]} Rf8 {[%clk 01:04:06]} {[%emt 00:05:26]} 18. h4
{[%clk 00:58:13]} {[%emt 00:01:49]} Ng8 {[%clk 01:00:25]} {[%emt 00:04:11]} 19.
exf5 {[%clk 00:57:44]} {[%emt 00:00:59]} Bxf5 {[%clk 00:59:52]} {[%emt
00:01:03]} 20. Nd4 {[%clk 00:54:47]} {[%emt 00:03:27]} Nxd4 {[%clk 00:54:16]}
{[%emt 00:06:06]} 21. Rxd4 {[%clk 00:55:11]} {[%emt 00:00:06]} Nf6 {[%clk
00:52:24]} {[%emt 00:02:22]} 22. Ra4 {[%clk 00:47:24]} {[%emt 00:08:18]} Kb8
{[%clk 00:52:23]} {[%emt 00:00:31]} 23. Qe2 {[%clk 00:47:03]} {[%emt 00:00:50]}
d5 {[%clk 00:51:19]} {[%emt 00:01:35]} 24. Nb5 {[%clk 00:43:34]} {[%emt
00:04:00]} Rfe8 {[%clk 00:48:55]} {[%emt 00:02:53]} 25. Qd2 {[%clk 00:41:21]}
{[%emt 00:02:42]} Bd7 {[%clk 00:47:30]} {[%emt 00:01:55]} 26. Qb4 {[%clk
00:38:37]} {[%emt 00:03:14]} Bxb5 {[%clk 00:47:31]} {[%emt 00:00:30]} 27. Qxb5
{[%clk 00:39:01]} {[%emt 00:00:06]} Qxg3 {[%clk 00:47:34]} {[%emt 00:00:27]} 28.
Qf1 {[%clk 00:39:24]} {[%emt 00:00:07]} Re3 {[%clk 00:47:40]} {[%emt 00:00:23]}
29. Rh3 {[%clk 00:39:26]} {[%emt 00:00:28]} Re1+ {[%clk 00:43:06]} {[%emt
00:05:04]} 30. Bd1 {[%clk 00:38:07]} {[%emt 00:01:49]} Qg1 {[%clk 00:39:29]}
{[%emt 00:04:07]} 31. Rha3 {[%clk 00:37:28]} {[%emt 00:01:09]} c6 {[%clk
00:38:47]} {[%emt 00:01:13]} 32. Qf3 {[%clk 00:37:01]} {[%emt 00:00:56]} Ng4
{[%clk 00:28:40]} {[%emt 00:10:37]} 33. f5 {[%clk 00:36:29]} {[%emt 00:01:03]}
Kc7 {[%clk 00:27:05]} {[%emt 00:02:05]} 34. Qg3+ {[%clk 00:33:09]} {[%emt
00:03:49]} Rd6 {[%clk 00:25:03]} {[%emt 00:02:32]} 35. Qxg1 {[%clk 00:33:11]}
{[%emt 00:00:28]} Rxg1 {[%clk 00:25:27]} {[%emt 00:00:07]} 36. Kd2 {[%clk
00:33:35]} {[%emt 00:00:06]} d4 {[%clk 00:25:21]} {[%emt 00:00:36]} 37. Ra8
{[%clk 00:33:48]} {[%emt 00:00:17]} Ne3 {[%clk 00:25:29]} {[%emt 00:00:22]} 38.
Be2 {[%clk 00:33:31]} {[%emt 00:00:46]} Rg2 {[%clk 00:25:43]} {[%emt 00:00:16]}
39. Kd3 {[%clk 00:30:56]} {[%emt 00:03:05]} Nxc2 {[%clk 00:24:55]} {[%emt
00:01:18]} 40. Kxc2 {[%clk 00:30:56]} {[%emt 00:00:30]} Rxe2+ {[%clk 00:25:24]}
{[%emt 00:00:01]} 41. Kd3 {[%clk 00:31:19]} {[%emt 00:00:08]} Rh2 {[%clk
00:25:17]} {[%emt 00:00:37]} 42. Rg8 {[%clk 00:31:42]} {[%emt 00:00:07]} Rd7
{[%clk 00:25:43]} {[%emt 00:00:05]} 43. Raa8 {[%clk 00:31:56]} {[%emt
00:00:15]} Rxh4 {[%clk 00:25:54]} {[%emt 00:00:19]} 44. Rge8 {[%clk 00:32:17]}
{[%emt 00:00:09]} b5 {[%clk 00:25:53]} {[%emt 00:00:31]} 45. a4 {[%clk
00:32:07]} {[%emt 00:00:39]} bxa4 {[%clk 00:26:17]} {[%emt 00:00:07]} 46. Kc4
{[%clk 00:32:30]} {[%emt 00:00:07]} d3+ {[%clk 00:26:34]} {[%emt 00:00:14]} 0-1

[Event "Tournoi International du Pays de Charleroi 2018"]
[Site "Roux, Belgium"]
[Date "2018.07.30"]
[Round "4.23"]
[White "Callier, Christophe"]
[Black "Klinova, Masha"]
[Result "0-1"]
[BlackTitle "WGM"]
[WhiteElo "1970"]
[BlackElo "2298"]

1. e4 {[%clk 01:30:57]} {[%emt 00:00:02]} d6 {[%clk 01:30:56]} {[%emt
00:00:05]} 2. d4 {[%clk 01:31:22]} {[%emt 00:00:06]} Nf6 {[%clk 01:31:21]}
{[%emt 00:00:03]} 3. Nc3 {[%clk 01:31:49]} {[%emt 00:00:04]} g6 {[%clk
01:31:45]} {[%emt 00:00:05]} 4. Bg5 {[%clk 01:32:12]} {[%emt 00:00:07]} Bg7
{[%clk 01:31:59]} {[%emt 00:00:16]} 5. Qd2 {[%clk 01:32:38]} {[%emt 00:00:05]}
h6 {[%clk 01:32:17]} {[%emt 00:00:12]} 6. Bf4 {[%clk 01:33:05]} {[%emt
00:00:03]} g5 {[%clk 01:32:12]} {[%emt 00:00:34]} 7. Bg3 {[%clk 01:33:31]}
{[%emt 00:00:04]} Nh5 {[%clk 01:32:19]} {[%emt 00:00:24]} 8. O-O-O {[%clk
01:33:41]} {[%emt 00:00:20]} Nxg3 {[%clk 01:31:37]} {[%emt 00:01:12]} 9. hxg3
{[%clk 01:33:59]} {[%emt 00:00:12]} e6 {[%clk 01:31:02]} {[%emt 00:01:05]} 10.
f3 {[%clk 01:28:57]} {[%emt 00:05:31]} Bd7 {[%clk 01:28:06]} {[%emt 00:03:26]}
11. g4 {[%clk 01:28:11]} {[%emt 00:01:17]} Nc6 {[%clk 01:27:30]} {[%emt
00:01:07]} 12. Nge2 {[%clk 01:28:27]} {[%emt 00:00:13]} Qe7 {[%clk 01:25:13]}
{[%emt 00:02:47]} 13. d5 {[%clk 01:24:26]} {[%emt 00:04:32]} Ne5 {[%clk
01:25:07]} {[%emt 00:00:35]} 14. Ng3 {[%clk 01:24:28]} {[%emt 00:00:28]} Ng6
{[%clk 01:10:13]} {[%emt 00:15:23]} 15. Nh5 {[%clk 01:23:36]} {[%emt 00:01:23]}
Bxc3 {[%clk 01:00:57]} {[%emt 00:09:46]} 16. Qxc3 {[%clk 01:23:05]} {[%emt
00:01:01]} O-O-O {[%clk 01:01:16]} {[%emt 00:00:10]} 17. Nf6 {[%clk 01:20:25]}
{[%emt 00:03:10]} Kb8 {[%clk 00:56:12]} {[%emt 00:05:35]} 18. Nxd7+ {[%clk
01:20:16]} {[%emt 00:00:39]} Qxd7 {[%clk 00:55:22]} {[%emt 00:01:19]} 19. Qa5
{[%clk 01:20:14]} {[%emt 00:00:33]} c6 {[%clk 00:50:43]} {[%emt 00:05:08]} 20.
dxc6 {[%clk 01:16:24]} {[%emt 00:04:20]} Qxc6 {[%clk 00:49:43]} {[%emt
00:01:30]} 21. Rxh6 {[%clk 01:16:09]} {[%emt 00:00:45]} Rc8 {[%clk 00:49:39]}
{[%emt 00:00:35]} 0-1

[Event "Tournoi International du Pays de Charleroi 2018"]
[Site "Roux, Belgium"]
[Date "2018.07.30"]
[Round "4.17"]
[White "Werner, Ivan"]
[Black "Dauw, Sterre"]
[Result "0-1"]
[WhiteElo "2110"]
[BlackElo "2192"]

1. e4 {[%clk 01:30:58]} {[%emt 00:00:04]} c5 {[%clk 01:30:54]} {[%emt
00:00:08]} 2. Nf3 {[%clk 01:31:23]} {[%emt 00:00:02]} e6 {[%clk 01:31:20]}
{[%emt 00:00:05]} 3. c3 {[%clk 01:31:21]} {[%emt 00:00:32]} Nc6 {[%clk
01:31:02]} {[%emt 00:00:47]} 4. d4 {[%clk 01:31:44]} {[%emt 00:00:06]} d5
{[%clk 01:31:24]} {[%emt 00:00:08]} 5. e5 {[%clk 01:31:29]} {[%emt 00:00:46]}
Qb6 {[%clk 01:28:05]} {[%emt 00:03:49]} 6. Be2 {[%clk 01:30:03]} {[%emt
00:01:56]} Nh6 {[%clk 01:26:55]} {[%emt 00:01:38]} 7. O-O {[%clk 01:22:22]}
{[%emt 00:08:14]} cxd4 {[%clk 01:26:05]} {[%emt 00:01:20]} 8. cxd4 {[%clk
01:20:12]} {[%emt 00:02:40]} Nf5 {[%clk 01:26:13]} {[%emt 00:00:21]} 9. Nc3
{[%clk 01:19:08]} {[%emt 00:01:34]} Nfxd4 {[%clk 01:23:25]} {[%emt 00:03:18]}
10. Nxd4 {[%clk 01:18:38]} {[%emt 00:01:00]} Qxd4 {[%clk 01:22:33]} {[%emt
00:01:23]} 11. Bd3 {[%clk 01:18:04]} {[%emt 00:01:03]} Bd7 {[%clk 01:17:20]}
{[%emt 00:05:43]} 12. Ne2 {[%clk 01:13:55]} {[%emt 00:04:39]} Qxe5 {[%clk
01:15:44]} {[%emt 00:02:06]} 13. Bf4 {[%clk 01:14:13]} {[%emt 00:00:12]} Qf6
{[%clk 01:15:47]} {[%emt 00:00:26]} 14. a3 {[%clk 01:12:37]} {[%emt 00:02:07]}
Be7 {[%clk 00:56:42]} {[%emt 00:19:35]} 15. Qd2 {[%clk 01:11:05]} {[%emt
00:02:02]} O-O {[%clk 00:55:20]} {[%emt 00:01:52]} 16. Nc3 {[%clk 01:10:25]}
{[%emt 00:01:11]} Ne5 {[%clk 00:53:44]} {[%emt 00:02:06]} 17. Be2 {[%clk
01:08:41]} {[%emt 00:02:13]} Bc6 {[%clk 00:53:14]} {[%emt 00:01:01]} 18. h4
{[%clk 01:05:49]} {[%emt 00:03:21]} h6 {[%clk 00:52:53]} {[%emt 00:00:51]} 19.
g4 {[%clk 01:06:05]} {[%emt 00:00:15]} Ng6 {[%clk 00:53:01]} {[%emt 00:00:22]}
20. Bg3 {[%clk 01:04:57]} {[%emt 00:01:37]} Nxh4 {[%clk 00:51:52]} {[%emt
00:01:38]} 21. f4 {[%clk 01:05:15]} {[%emt 00:00:13]} Rad8 {[%clk 00:48:14]}
{[%emt 00:04:08]} 22. Bd3 {[%clk 01:02:50]} {[%emt 00:02:55]} Ng6 {[%clk
00:36:37]} {[%emt 00:12:07]} 23. Kh2 {[%clk 00:58:27]} {[%emt 00:04:53]} Bd6
{[%clk 00:35:54]} {[%emt 00:01:14]} 24. Rae1 {[%clk 00:58:28]} {[%emt
00:00:29]} Rfe8 {[%clk 00:29:19]} {[%emt 00:07:05]} 25. Kh3 {[%clk 00:57:03]}
{[%emt 00:01:55]} Rd7 {[%clk 00:20:57]} {[%emt 00:08:44]} 26. b4 {[%clk
00:54:00]} {[%emt 00:03:40]} a6 {[%clk 00:20:24]} {[%emt 00:01:04]} 27. Ne2
{[%clk 00:46:51]} {[%emt 00:07:40]} Bb8 {[%clk 00:15:00]} {[%emt 00:05:53]} 28.
Qc2 {[%clk 00:45:09]} {[%emt 00:02:11]} Bb5 {[%clk 00:13:45]} {[%emt 00:01:46]}
29. Bxb5 {[%clk 00:43:49]} {[%emt 00:01:50]} axb5 {[%clk 00:13:57]} {[%emt
00:00:18]} 30. Qd3 {[%clk 00:44:02]} {[%emt 00:00:17]} Qd8 {[%clk 00:11:27]}
{[%emt 00:03:00]} 31. Qxb5 {[%clk 00:42:44]} {[%emt 00:01:47]} d4 {[%clk
00:10:36]} {[%emt 00:01:22]} 32. Rd1 {[%clk 00:33:30]} {[%emt 00:09:44]} d3
{[%clk 00:07:40]} {[%emt 00:03:26]} 33. Rf3 {[%clk 00:30:15]} {[%emt 00:03:45]}
d2 {[%clk 00:05:28]} {[%emt 00:02:42]} 34. Rc3 {[%clk 00:17:42]} {[%emt
00:13:03]} e5 {[%clk 00:04:00]} {[%emt 00:01:58]} 35. f5 {[%clk 00:15:27]}
{[%emt 00:02:46]} Nf4 {[%clk 00:02:21]} {[%emt 00:02:09]} 36. Nxf4 {[%clk
00:15:16]} {[%emt 00:00:40]} exf4 {[%clk 00:02:37]} {[%emt 00:00:14]} 37. Bf2
{[%clk 00:14:16]} {[%emt 00:01:30]} Rd5 {[%clk 00:00:59]} {[%emt 00:02:08]} 38.
Qc4 {[%clk 00:13:59]} {[%emt 00:00:47]} h5 {[%clk 00:00:59]} {[%emt 00:00:30]}
39. Bh4 {[%clk 00:05:54]} {[%emt 00:08:35]} hxg4 {[%clk 00:01:09]} {[%emt
00:00:20]} 40. Kxg4 {[%clk 00:06:18]} {[%emt 00:00:06]} Qd7 {[%clk 00:01:28]}
{[%emt 00:00:12]} 41. Kf3 {[%clk 00:05:38]} {[%emt 00:01:10]} Qxf5 {[%clk
00:01:26]} {[%emt 00:00:32]} 42. Kf2 {[%clk 00:05:33]} {[%emt 00:00:35]} Ba7+
{[%clk 00:01:23]} {[%emt 00:00:33]} 0-1

[Event "Tournoi International du Pays de Charleroi 2018"]
[Site "Roux, Belgium"]
[Date "2018.07.30"]
[Round "4.26"]
[White "Grodent, Gerald"]
[Black "Vesin, Jean-Robert"]
[Result "0-1"]
[BlackTitle "FM"]
[WhiteElo "2017"]
[BlackElo "2215"]

1. d4 {[%clk 01:30:56]} {[%emt 00:00:03]} c5 {[%clk 01:30:54]} {[%emt
00:00:07]} 2. d5 {[%clk 01:30:25]} {[%emt 00:01:08]} g6 {[%clk 01:31:17]}
{[%emt 00:00:07]} 3. c4 {[%clk 01:29:16]} {[%emt 00:01:49]} Bg7 {[%clk
01:31:40]} {[%emt 00:00:07]} 4. e4 {[%clk 01:27:00]} {[%emt 00:03:04]} d6
{[%clk 01:32:04]} {[%emt 00:00:07]} 5. Nf3 {[%clk 01:25:19]} {[%emt 00:02:29]}
Nf6 {[%clk 01:31:15]} {[%emt 00:01:26]} 6. Nc3 {[%clk 01:25:30]} {[%emt
00:00:22]} O-O {[%clk 01:31:39]} {[%emt 00:00:06]} 7. Be2 {[%clk 01:25:22]}
{[%emt 00:00:43]} e6 {[%clk 01:32:03]} {[%emt 00:00:07]} 8. O-O {[%clk
01:24:30]} {[%emt 00:01:32]} exd5 {[%clk 01:32:27]} {[%emt 00:00:06]} 9. cxd5
{[%clk 01:24:28]} {[%emt 00:00:36]} a6 {[%clk 01:31:52]} {[%emt 00:01:14]} 10.
a4 {[%clk 01:24:52]} {[%emt 00:00:07]} Bg4 {[%clk 01:29:39]} {[%emt 00:03:03]}
11. Nd2 {[%clk 01:21:34]} {[%emt 00:04:21]} Bxe2 {[%clk 01:29:25]} {[%emt
00:00:49]} 12. Qxe2 {[%clk 01:22:03]} {[%emt 00:00:02]} Nbd7 {[%clk 01:29:01]}
{[%emt 00:01:01]} 13. Nc4 {[%clk 01:19:49]} {[%emt 00:03:06]} Nb6 {[%clk
01:29:26]} {[%emt 00:00:07]} 14. h3 {[%clk 01:15:09]} {[%emt 00:05:53]} Re8
{[%clk 01:29:31]} {[%emt 00:00:29]} 15. Nxb6 {[%clk 01:09:59]} {[%emt
00:06:26]} Qxb6 {[%clk 01:29:55]} {[%emt 00:00:06]} 16. a5 {[%clk 01:08:08]}
{[%emt 00:02:43]} Qc7 {[%clk 01:30:19]} {[%emt 00:00:06]} 17. Bf4 {[%clk
01:07:12]} {[%emt 00:01:37]} Nd7 {[%clk 01:28:50]} {[%emt 00:02:16]} 18. Rfe1
{[%clk 01:03:59]} {[%emt 00:04:13]} Re7 {[%clk 01:24:46]} {[%emt 00:05:15]} 19.
Qc2 {[%clk 00:59:27]} {[%emt 00:05:43]} Rae8 {[%clk 01:22:02]} {[%emt
00:03:40]} 20. Bg3 {[%clk 00:54:02]} {[%emt 00:06:43]} Ne5 {[%clk 01:15:38]}
{[%emt 00:07:43]} 21. Kh1 {[%clk 00:45:23]} {[%emt 00:10:21]} Nc4 {[%clk
01:12:40]} {[%emt 00:03:53]} 22. Na4 {[%clk 00:37:29]} {[%emt 00:09:30]} Nxa5
{[%clk 01:11:15]} {[%emt 00:02:08]} 23. Nxc5 {[%clk 00:32:36]} {[%emt
00:05:54]} b6 {[%clk 01:09:56]} {[%emt 00:02:01]} 24. Qa4 {[%clk 00:29:19]}
{[%emt 00:04:17]} Qxc5 {[%clk 01:08:23]} {[%emt 00:02:19]} 25. b4 {[%clk
00:29:20]} {[%emt 00:00:35]} Qb5 {[%clk 01:08:04]} {[%emt 00:00:55]} 26. Qxb5
{[%clk 00:28:50]} {[%emt 00:01:07]} axb5 {[%clk 01:08:27]} {[%emt 00:00:07]} 27.
bxa5 {[%clk 00:28:40]} {[%emt 00:00:46]} Bxa1 {[%clk 01:08:49]} {[%emt
00:00:09]} 28. Rxa1 {[%clk 00:28:45]} {[%emt 00:00:28]} bxa5 {[%clk 01:01:58]}
{[%emt 00:08:19]} 29. Rxa5 {[%clk 00:28:48]} {[%emt 00:00:30]} Rb7 {[%clk
01:02:15]} {[%emt 00:00:15]} 30. Bxd6 {[%clk 00:24:57]} {[%emt 00:04:55]} Rxe4
{[%clk 01:02:25]} {[%emt 00:00:22]} 31. Ra8+ {[%clk 00:23:00]} {[%emt
00:02:48]} Kg7 {[%clk 01:02:49]} {[%emt 00:00:06]} 32. Bf8+ {[%clk 00:23:09]}
{[%emt 00:00:25]} Kf6 {[%clk 01:03:14]} {[%emt 00:00:06]} 33. d6 {[%clk
00:22:21]} {[%emt 00:01:28]} b4 {[%clk 01:02:50]} {[%emt 00:01:01]} 34. Ra6
{[%clk 00:20:11]} {[%emt 00:03:02]} Ke6 {[%clk 01:02:44]} {[%emt 00:00:41]} 35.
Ra4 {[%clk 00:16:32]} {[%emt 00:04:42]} Re1 {[%clk 01:02:31]} {[%emt 00:00:48]}
36. Kh2 {[%clk 00:16:56]} {[%emt 00:00:07]} b3 {[%clk 01:02:55]} {[%emt
00:00:07]} 0-1

[Event "Tournoi International du Pays de Charleroi 2018"]
[Site "Roux, Belgium"]
[Date "2018.07.30"]
[Round "4.27"]
[White "Wiley, Tom"]
[Black "Vanden Bussche, Steven"]
[Result "1-0"]
[WhiteElo "2207"]
[BlackElo "2001"]

1. d4 {[%clk 01:30:59]} d5 {[%clk 01:30:51]} {[%emt 00:00:09]} 2. c4 {[%clk
01:31:24]} {[%emt 00:00:05]} c6 {[%clk 01:31:16]} {[%emt 00:00:06]} 3. Nf3
{[%clk 01:31:06]} {[%emt 00:00:47]} Nf6 {[%clk 01:31:21]} {[%emt 00:00:24]} 4.
e3 {[%clk 01:31:26]} {[%emt 00:00:10]} Bf5 {[%clk 01:30:21]} {[%emt 00:01:31]}
5. cxd5 {[%clk 01:31:32]} {[%emt 00:00:24]} cxd5 {[%clk 01:30:41]} {[%emt
00:00:10]} 6. Qb3 {[%clk 01:31:56]} {[%emt 00:00:06]} Qb6 {[%clk 01:23:06]}
{[%emt 00:08:06]} 7. Qxb6 {[%clk 01:31:16]} {[%emt 00:01:10]} axb6 {[%clk
01:23:30]} {[%emt 00:00:06]} 8. Nc3 {[%clk 01:31:06]} {[%emt 00:00:38]} e6
{[%clk 01:17:56]} {[%emt 00:06:05]} 9. Bb5+ {[%clk 01:29:24]} {[%emt 00:02:11]}
Nbd7 {[%clk 01:04:23]} {[%emt 00:14:04]} 10. Ne5 {[%clk 01:25:20]} {[%emt
00:04:34]} Bb4 {[%clk 01:04:04]} {[%emt 00:00:49]} 11. g4 {[%clk 01:19:08]}
{[%emt 00:06:42]} Bg6 {[%clk 00:59:47]} {[%emt 00:04:47]} 12. g5 {[%clk
01:18:54]} {[%emt 00:00:43]} Ra5 {[%clk 00:59:52]} {[%emt 00:00:26]} 13. a4
{[%clk 01:18:13]} {[%emt 00:01:11]} Ne4 {[%clk 00:58:06]} {[%emt 00:02:17]} 14.
Bd2 {[%clk 01:10:18]} {[%emt 00:08:24]} Nxg5 {[%clk 00:53:10]} {[%emt
00:05:26]} 15. Bxd7+ {[%clk 01:08:09]} {[%emt 00:02:39]} 1-0

[Event "Tournoi International du Pays de Charleroi 2018"]
[Site "Roux, Belgium"]
[Date "2018.07.30"]
[Round "4.11"]
[White "Mulder, Bart-Piet"]
[Black "Verheyen, Olivier"]
[Result "1-0"]
[WhiteElo "2176"]
[BlackElo "2012"]

1. Nf3 {[%clk 01:30:55]} {[%emt 00:00:02]} Nf6 {[%clk 01:30:57]} {[%emt
00:00:05]} 2. g3 {[%clk 01:31:00]} {[%emt 00:00:24]} g6 {[%clk 01:31:21]}
{[%emt 00:00:06]} 3. Bg2 {[%clk 01:31:16]} {[%emt 00:00:13]} Bg7 {[%clk
01:31:47]} {[%emt 00:00:05]} 4. c4 {[%clk 01:31:24]} {[%emt 00:00:22]} d6
{[%clk 01:32:06]} {[%emt 00:00:11]} 5. d4 {[%clk 01:31:11]} {[%emt 00:00:41]}
O-O {[%clk 01:32:27]} {[%emt 00:00:10]} 6. Nc3 {[%clk 01:31:37]} {[%emt
00:00:03]} Nc6 {[%clk 01:32:47]} {[%emt 00:00:11]} 7. d5 {[%clk 01:31:08]}
{[%emt 00:00:59]} Ne5 {[%emt 00:05:58]} 8. Nxe5 {[%clk 01:21:39]} {[%emt
00:08:19]} dxe5 {[%clk 01:29:27]} {[%emt 00:00:03]} 9. O-O {[%clk 01:21:03]}
{[%emt 00:01:02]} Rb8 {[%clk 01:21:08]} {[%emt 00:08:52]} 10. b3 {[%clk
01:17:36]} {[%emt 00:03:57]} e6 {[%clk 01:19:14]} {[%emt 00:02:25]} 11. Ba3
{[%clk 01:17:36]} {[%emt 00:00:29]} Re8 {[%clk 01:19:19]} {[%emt 00:00:26]} 12.
d6 {[%clk 01:11:40]} {[%emt 00:06:26]} c6 {[%clk 01:17:47]} {[%emt 00:02:02]}
13. c5 {[%clk 01:07:35]} {[%emt 00:04:35]} Qa5 {[%clk 01:14:26]} {[%emt
00:03:51]} 14. Qc1 {[%clk 01:07:09]} {[%emt 00:00:56]} Nd5 {[%clk 01:14:08]}
{[%emt 00:00:48]} 15. Bb2 {[%clk 00:48:35]} {[%emt 00:19:04]} Bd7 {[%clk
01:04:31]} {[%emt 00:10:07]} 16. e4 {[%clk 00:37:57]} {[%emt 00:11:08]} Nb4
{[%clk 01:02:59]} {[%emt 00:02:02]} 17. a3 {[%clk 00:32:16]} {[%emt 00:06:11]}
Nd3 {[%clk 01:02:03]} {[%emt 00:01:26]} 18. Qc2 {[%clk 00:32:41]} {[%emt
00:00:04]} Nxb2 {[%clk 01:00:56]} {[%emt 00:01:38]} 19. b4 {[%clk 00:33:00]}
{[%emt 00:00:10]} Qd8 {[%clk 01:00:45]} {[%emt 00:00:40]} 20. Qxb2 {[%clk
00:33:18]} {[%emt 00:00:14]} b6 {[%clk 00:59:58]} {[%emt 00:01:17]} 21. cxb6
{[%clk 00:30:26]} {[%emt 00:03:22]} Qxb6 {[%clk 00:54:26]} {[%emt 00:06:02]} 22.
Na4 {[%clk 00:27:06]} {[%emt 00:03:50]} Qd4 {[%clk 00:54:51]} {[%emt 00:00:05]}
23. Rfd1 {[%clk 00:22:52]} {[%emt 00:04:44]} Qxb2 {[%clk 00:54:57]} {[%emt
00:00:24]} 24. Nxb2 {[%clk 00:23:20]} {[%emt 00:00:02]} c5 {[%clk 00:53:44]}
{[%emt 00:01:43]} 25. Nd3 {[%clk 00:22:28]} {[%emt 00:01:21]} cxb4 {[%clk
00:54:11]} {[%emt 00:00:04]} 26. axb4 {[%clk 00:22:33]} {[%emt 00:00:26]} Bb5
{[%clk 00:53:06]} {[%emt 00:01:34]} 27. Nc5 {[%clk 00:16:20]} {[%emt 00:06:43]}
a6 {[%clk 00:53:18]} {[%emt 00:00:18]} 28. Bf1 {[%emt 00:07:28]} Bxf1 29. Kxf1
{[%clk 00:09:21]} Rxb4 {[%clk 00:52:51]} {[%emt 00:02:29]} 30. Rxa6 {[%clk
00:08:54]} {[%emt 00:00:26]} Rd8 {[%clk 00:50:07]} {[%emt 00:03:14]} 31. Ra7
{[%clk 00:04:25]} {[%emt 00:05:00]} Rb5 {[%clk 00:17:25]} {[%emt 00:33:12]} 32.
Nd7 {[%clk 00:02:14]} {[%emt 00:02:40]} Bf8 {[%clk 00:16:05]} {[%emt 00:01:50]}
33. Nxf8 {[%clk 00:02:01]} {[%emt 00:00:43]} Kxf8 {[%clk 00:16:18]} {[%emt
00:00:18]} 34. Rc1 {[%clk 00:02:13]} {[%emt 00:00:17]} Rxd6 {[%clk 00:14:58]}
{[%emt 00:01:51]} 35. Rcc7 {[%clk 00:02:35]} {[%emt 00:00:08]} Rd4 {[%clk
00:11:22]} {[%emt 00:04:07]} 36. Rxf7+ {[%clk 00:02:56]} {[%emt 00:00:08]} Kg8
{[%clk 00:11:47]} {[%emt 00:00:04]} 37. Rg7+ {[%clk 00:03:13]} {[%emt
00:00:14]} Kf8 {[%clk 00:12:02]} {[%emt 00:00:16]} 38. Rxh7 {[%clk 00:02:57]}
{[%emt 00:00:45]} Kg8 {[%clk 00:12:30]} {[%emt 00:00:02]} 39. Rhe7 {[%clk
00:02:25]} {[%emt 00:01:01]} Rb8 {[%clk 00:12:36]} {[%emt 00:00:25]} 40. Rxe6
{[%clk 00:02:06]} {[%emt 00:00:48]} Rxe4 {[%clk 00:12:58]} {[%emt 00:00:08]} 41.
Rxg6+ {[%clk 00:02:26]} {[%emt 00:00:10]} Kh8 {[%clk 00:13:21]} {[%emt
00:00:07]} 42. h4 {[%clk 00:01:36]} {[%emt 00:01:20]} Rc4 {[%clk 00:13:13]}
{[%emt 00:00:39]} 43. Re6 {[%clk 00:24:55]} {[%emt 00:07:10]} e4 {[%clk
00:42:52]} {[%emt 00:00:51]} 44. h5 {[%clk 00:25:00]} {[%emt 00:00:25]} Rf8
{[%clk 00:42:15]} {[%emt 00:01:07]} 45. Ree7 {[%clk 00:25:20]} {[%emt
00:00:40]} Rb8 {[%clk 00:42:48]} {[%emt 00:00:28]} 46. Rh7 {[%clk 00:25:36]}
{[%emt 00:00:13]} Kg8 {[%clk 00:43:17]} {[%emt 00:00:02]} 47. Rag7+ {[%clk
00:26:00]} {[%emt 00:00:06]} Kf8 {[%clk 00:43:45]} {[%emt 00:00:01]} 48. h6
{[%clk 00:26:16]} {[%emt 00:00:14]} 1-0